000 01058nam a2200289 a 4500
001 000111408
003 CHAP
005 20220329144209.0
008 150408s2013 mx |rm |0|||||spa d
010 _a107870
011 _a108842
040 _cCHAP
090 _aTesis
100 1 _aPineda Manzano, Ulises
_9129261
245 1 0 _aParticipación comunitaria en la protección de los recursos forestales del ejido San Nicolas de los Montes, Tamasopo, San Luis Potosí /
_cpor Ulises Pineda Manzano.
260 _aUniversidad Autónoma San Luis Potosí :
_bEl autor,
_c2013.
300 _a157 h.
502 _aTesis (M. C. en Ciencias Ambientales) -- UASLP. Facultad de Ciencias Químicas, Ingeniería y Medicina
590 _aE5765TAJ
_b05
_c20150408
_lUCH01
_h1115
650 1 4 _aDesarrollo sustentable
_zSan Luis Potosí.
_9129267
650 1 4 _aParticipación ciudadana
_985800
650 1 4 _aRecursos forestales
_xAprovechamiento.
_995030
650 1 4 _aRecursos forestales
_xConservación.
_995044
901 _aBK
942 _cTESIS
942 _n0
999 _c107870
_d107870